<?xml version="1.0" encoding="UTF-8"?>
<record
    xmlns:xsi="http://www.w3.org/2001/XMLSchema-instance"
    xsi:schemaLocation="http://www.loc.gov/MARC21/slim http://www.loc.gov/standards/marcxml/schema/MARC21slim.xsd"
    xmlns="http://www.loc.gov/MARC21/slim">

  <leader>01142    a2200217   4500</leader>
  <controlfield tag="001">63721</controlfield>
  <controlfield tag="005">20260407155935.0</controlfield>
  <controlfield tag="008">260407a2025    arg                 spa d</controlfield>
  <controlfield tag="003">AR-UNSa-BCEJYS</controlfield>
  <datafield tag="040" ind1=" " ind2=" ">
    <subfield code="a">AR-UNSa-BCEJYS</subfield>
    <subfield code="b">spa</subfield>
    <subfield code="c">AR-UNSa-BCEJYS</subfield>
  </datafield>
  <datafield tag="080" ind1=" " ind2=" ">
    <subfield code="a">343.54</subfield>
    <subfield code="x">Delitos contra las buenas costumbres, la familia y la moralidad (Abusos deshonestos. Rapto. Delitos sexuales contra disminuidos ps&#xED;quicos. Abuso de la tutela. (Acoso sexual))
 </subfield>
  </datafield>
  <datafield tag="245" ind1="1" ind2="0">
    <subfield code="a">Abuso sexual en las infancias y adolescencias</subfield>
    <subfield code="p">Abordaje psicol&#xF3;gico y legal</subfield>
  </datafield>
  <datafield tag="264" ind1=" " ind2="1">
    <subfield code="a">Mendoza :</subfield>
    <subfield code="b">[s.e.]</subfield>
    <subfield code="c">2025</subfield>
  </datafield>
  <datafield tag="300" ind1=" " ind2=" ">
    <subfield code="a">180 p.</subfield>
    <subfield code="c">21 cm.</subfield>
  </datafield>
  <datafield tag="505" ind1=" " ind2=" ">
    <subfield code="a">1. Maltrato infantil &#x2013; 2. El abuso sexual &#x2013; 3. Abuso s3xual infantil &#x2013; 4. Medidas pr&#xE1;cticas para actuar ante la sospecha &#x2013; 5. Normativa legal. Su problem&#xE1;tica &#x2013; 6. La c&#xE1;mara gesell &#x2013; 7. Referencias jur&#xED;dicas relevantes &#x2013; 8. Estudios neurol&#xF3;gicos sobre abusadores &#x2013;  </subfield>
  </datafield>
  <datafield tag="041" ind1=" " ind2=" ">
    <subfield code="a">spa</subfield>
  </datafield>
  <datafield tag="942" ind1=" " ind2=" ">
    <subfield code="c">BK</subfield>
  </datafield>
  <datafield tag="590" ind1=" " ind2=" ">
    <subfield code="a">niveau_biblio:m niveau_hierar:0</subfield>
  </datafield>
  <datafield tag="100" ind1="1" ind2=" ">
    <subfield code="a">Benaroya, Sergio Gustavo</subfield>
  </datafield>
  <datafield tag="856" ind1="4" ind2="1">
    <subfield code="u">https://www.biblioeco.unsa.edu.ar/pmb/images/libros/L129428.jpg</subfield>
    <subfield code="y">Imagen de portada</subfield>
    <subfield code="q">image/jpeg</subfield>
  </datafield>
  <datafield tag="999" ind1=" " ind2=" ">
    <subfield code="c">8281</subfield>
    <subfield code="d">8281</subfield>
  </datafield>
  <datafield tag="952" ind1=" " ind2=" ">
    <subfield code="0">0</subfield>
    <subfield code="1">0</subfield>
    <subfield code="4">0</subfield>
    <subfield code="7">0</subfield>
    <subfield code="a">BCEJYS</subfield>
    <subfield code="b">BCEJYS</subfield>
    <subfield code="c">16</subfield>
    <subfield code="d">2026-04-07</subfield>
    <subfield code="l">0</subfield>
    <subfield code="o">343.54 B456</subfield>
    <subfield code="p">L129428</subfield>
    <subfield code="r">2026-04-07 15:59:35</subfield>
    <subfield code="w">2026-04-07</subfield>
    <subfield code="y">L</subfield>
  </datafield>
</record>
